000 00435nam a2200181Ia 4500
005 20240823042856.0
008 240823s9999||||xx |||||||||||||| ||und||
041 _aENGLISH
082 _A658.401 N1
100 _a"Kelly,Anthony"
245 0 _aMaintenance Planning and Control
250 _a1st
260 _c1991
_b"EWP,New Delhi"
500 _aYES
650 _aManagement
_bManagement Studies
942 _cBK
999 _c208887
_d208887